000 00326nam a2200133Ia 4500
008 240624s9999 xx 000 0 und d
041 _aeng
082 _a153 HOL
100 _aHOLLAND JOHN H
245 _aINDUCTION PROCESSES OF INFERENCE LEARNIN
260 _c1989
_aLondon
_bMIT Press
300 _a416 : p.
365 _c
_b25
999 _c18031
_d18031